[Event "CZE-chT2e 0506"]
[Site "Czech Republic"]
[Date "2005.11.20"]
[Round "3.7"]
[White "Vyslouzil, Lukas"]
[Black "Sebela, Ladislav"]
[Result "1/2-1/2"]
[WhiteElo "1915"]
[BlackElo "1841"]
[PlyCount "62"]
[EventDate "2005.10.16"]
[EventType "team"]
[EventRounds "11"]
[EventCountry "CZE"]
[SourceTitle "EXT 2008"]
[Source "ChessBase"]
[SourceDate "2007.11.25"]
[SourceVersion "1"]
[SourceVersionDate "2007.11.25"]
[SourceQuality "1"]

1. e4 c5 2. Nf3 Nc6 3. d4 cxd4 4. Nxd4 d6 5. Nc3 g6 6. Be3 Bg7 7. Bc4 Nf6 8. f3 0-0 9. Qd2 a6 10. 0-0-0 Nxd4 11. Bxd4 b5 12. Bb3 Be6 13. Bxe6 fxe6 14. h4 e5 15. Be3 Qa5 16. Kb1 Rac8 17. Bh6 b4 18. Ne2 Qc5 19. Bxg7 Kxg7 20. g4 h5 21. gxh5 Nxh5 22. Rdg1 Kf7 23. Rg5 Ke8 24. Rf1 Nf4 25. Nxf4 Rxf4 26. Rg4 Rf6 27. Qf2 Qxf2 28. Rxf2 Kf7 29. Kc1 a5 30. Kd2 e6 31. Rg5 Rh8 1/2-1/2